[Event "Titled Tuesday intern op 16th Apr Early"]
[Site "Chess.com INT"]
[Date "2024.04.16"]
[Round "2"]
[White "Antoniou, Rafail"]
[Black "Carre, Sylvain"]
[Result "1-0"]
[WhiteElo "2036"]
[BlackElo "2094"]
[PlyCount "101"]
[EventDate "2024.04.16"]
[EventType "swiss (blitz)"]
[EventRounds "11"]
[EventCountry "USA"]
[SourceTitle "CB17_2024"]
[SourceDate "2024.04.24"]
[SourceVersion "1"]
[SourceVersionDate "2024.04.24"]
[SourceQuality "1"]

1. d4 d5 2. c4 c6 3. Nc3 Nf6 4. cxd5 cxd5 5. Bf4 e6 6. e3 Bd6 7. Bxd6 Qxd6 8. Nf3 a6 9. Ne5 0-0 10. f4 b5 11. Bd3 Bb7 12. 0-0 Ne4 13. Qf3 f5 14. Bxe4 dxe4 15. Qh3 Nd7 16. g4 g6 17. gxf5 exf5 18. Kh1 Nxe5 19. fxe5 Qe6 20. Qh6 Rf7 21. h4 Re8 22. Kh2 b4 23. Ne2 Qe7 24. Nf4 Qf8 25. Qxf8+ Kxf8 26. Rac1 Rc8 27. Rxc8+ Bxc8 28. Rc1 Bb7 29. e6 Re7 30. d5 Bxd5 31. Rc8+ Kg7 32. Nxd5 Rxe6 33. Kg3 Rd6 34. Nxb4 Rd2 35. Rc2 Rd1 36. Nxa6 Kh6 37. Nc5 Kh5 38. a4 Ra1 39. b4 Ra3 40. Re2 h6 41. Ne6 g5 42. hxg5 hxg5 43. b5 f4+ 44. Kf2 f3 45. Rb2 g4 46. Kg3 Rxa4 47. b6 Ra1 48. Rb5+ Kg6 49. b7 Rg1+ 50. Kf2 Rg2+ 51. Kf1 1-0

[Event "Titled Tuesday intern op 16th Apr Early"]
[Site "Chess.com INT"]
[Date "2024.04.16"]
[Round "1"]
[White "Carre, Sylvain"]
[Black "Kacharava, Nikoloz"]
[Result "0-1"]
[WhiteElo "2094"]
[BlackElo "2527"]
[PlyCount "68"]
[EventDate "2024.04.16"]
[EventType "swiss (blitz)"]
[EventRounds "11"]
[EventCountry "USA"]
[SourceTitle "CB17_2024"]
[SourceDate "2024.04.24"]
[SourceVersion "1"]
[SourceVersionDate "2024.04.24"]
[SourceQuality "1"]

1. d4 d6 2. Nf3 Nf6 3. Bf4 Nh5 4. Bg5 h6 5. Bd2 g5 6. c4 Bg7 7. Bc3 Bf5 8. e3 Nf6 9. Bd3 Ne4 10. Qc2 Nxc3 11. Bxf5 Nxb1 12. Rxb1 e6 13. Bd3 Nc6 14. a3 g4 15. Nd2 Qg5 16. b4 h5 17. b5 Ne7 18. c5 d5 19. a4 h4 20. h3 f5 21. hxg4 fxg4 22. b6 c6 23. a5 a6 24. Qd1 Kd7 25. Qe2 Nf5 26. Bxf5 exf5 27. f4 Qg6 28. Qd3 Rae8 29. Kd1 Qe6 30. Re1 h3 31. g3 h2 32. Kc2 Rh3 33. Re2 h1Q 34. Rxh1 Rxh1 0-1

[Event "Serpiano op"]
[Site "Serpiano"]
[Date "2024.04.07"]
[Round "4"]
[White "Medici, Simone"]
[Black "Carre, Sylvain"]
[Result "1/2-1/2"]
[WhiteElo "2201"]
[BlackElo "2094"]
[PlyCount "119"]
[EventDate "2024.04.05"]
[EventType "swiss"]
[EventRounds "5"]
[EventCountry "SUI"]
[SourceTitle "CB16_2024"]
[SourceDate "2024.04.17"]
[SourceVersion "1"]
[SourceVersionDate "2024.04.17"]
[SourceQuality "1"]

1. Nf3 Nf6 2. d4 e6 3. c4 b6 4. g3 Bb7 5. Bg2 Be7 6. 0-0 0-0 7. Nc3 Ne4 8. Bd2 Nxd2 9. Qxd2 d6 10. e4 Nd7 11. Rfe1 Re8 12. Rad1 Nf8 13. h4 a6 14. a3 Rb8 15. Qc2 b5 16. c5 dxc5 17. dxc5 Qc8 18. b4 e5 19. Nxe5 Bxc5 20. Nxf7 Bxb4 21. Nh6+ gxh6 22. axb4 c5 23. bxc5 Qxc5 24. Qb3+ Kh8 25. Qb2 Kg8 26. Nd5 Bxd5 27. exd5 Qd6 28. Rc1 Rxe1+ 29. Rxe1 b4 30. Re4 h5 31. Re5 Rb6 32. Rxh5 Qf6 33. Rg5+ Kh8 34. Qb1 b3 35. Rf5 Qg7 36. d6 b2 37. Bd5 Rb8 38. Rg5 Ng6 39. Ba2 Qc3 40. d7 Ne5 41. Rh5 Qc1+ 42. Kh2 Ng4+ 43. Kh3 Nf6 44. Rf5 Qxb1 45. Bxb1 Nxd7 46. Rf7 Ne5 47. Rxh7+ Kg8 48. Rh6 a5 49. Rh5 Nc4 50. Rc5 Nd2 51. Ba2+ Kh8 52. Rxa5 Ne4 53. Bb1 Nxf2+ 54. Kg2 Nd1 55. Rc5 Rb3 56. h5 Nc3 57. Bc2 b1Q 58. Bxb1 Nxb1 59. Kh3 Nd2 60. Rg5 1/2-1/2

[Event "Serpiano op"]
[Site "Serpiano"]
[Date "2024.04.06"]
[Round "3"]
[White "Carre, Sylvain"]
[Black "Maeusbacher, Toni"]
[Result "1-0"]
[WhiteElo "2094"]
[BlackElo "1891"]
[PlyCount "57"]
[EventDate "2024.04.05"]
[EventType "swiss"]
[EventRounds "5"]
[EventCountry "SUI"]
[SourceTitle "CB16_2024"]
[SourceDate "2024.04.17"]
[SourceVersion "1"]
[SourceVersionDate "2024.04.17"]
[SourceQuality "1"]

1. d4 Nf6 2. Bf4 d5 3. e3 c5 4. Nd2 Nc6 5. c3 Qb6 6. Qb3 c4 7. Qc2 g6 8. e4 Nxe4 9. Nxe4 dxe4 10. Bxc4 Bf5 11. Ne2 e3 12. Qb3 exf2+ 13. Kxf2 Qxb3 14. axb3 Bg7 15. Ng3 Bd7 16. Rhe1 Nd8 17. d5 b5 18. Bf1 f5 19. Bd6 e6 20. dxe6 Bxe6 21. Bxb5+ Kf7 22. b4 Nb7 23. Bf4 g5 24. Bxg5 Nd6 25. Bc6 Nc4 26. Bxa8 Rxa8 27. Ra6 Bc8 28. Re7+ Kf8 29. Raxa7 1-0

[Event "Titled Tuesday intern op 09th Jan Early"]
[Site "Chess.com INT"]
[Date "2024.01.09"]
[Round "4"]
[White "Stojanovski, Sandi"]
[Black "Carre, Sylvain"]
[Result "1-0"]
[WhiteElo "2169"]
[BlackElo "2090"]
[PlyCount "143"]
[EventDate "2024.01.09"]
[EventType "swiss (blitz)"]
[EventRounds "11"]
[EventCountry "USA"]
[SourceTitle "CB03_2024"]
[SourceDate "2024.01.17"]
[SourceVersion "1"]
[SourceVersionDate "2024.01.17"]
[SourceQuality "1"]

1. d3 d5 2. Nf3 Nf6 3. g3 Bf5 4. Bg2 c6 5. 0-0 h6 6. c4 e6 7. cxd5 exd5 8. Nc3 Be7 9. e4 dxe4 10. dxe4 Qxd1 11. Rxd1 Nxe4 12. Nd4 Nxc3 13. bxc3 Bd7 14. Re1 Kd8 15. Rb1 b6 16. Bf4 Bc5 17. Rbd1 Re8 18. Rxe8+ Kxe8 19. Nb5 Na6 20. Bd6 Bxd6 21. Rxd6 Ke7 22. Bxc6 Bxc6 23. Rxc6 Kd7 24. Rd6+ Ke7 25. Rd4 Nc5 26. Kf1 a6 27. Nc7 Rd8 28. Nd5+ Kf8 29. Nxb6 Rb8 30. Nc4 Rb1+ 31. Kg2 Ne6 32. Rd6 Rc1 33. Rxa6 Rxc3 34. Ne5 Ng5 35. Ra8+ Ke7 36. h4 Ne4 37. Ra7+ Ke6 38. Nxf7 Rc2 39. Nd8+ Kd5 40. Rd7+ Ke5 41. Rf7 Rxa2 42. Nc6+ Ke6 43. Rf4 Nf6 44. Nd4+ Ke5 45. Nf5 Rb2 46. Nxg7 Nd5 47. Rf5+ Kd4 48. Rf3 Ra2 49. Nf5+ Kc5 50. Nxh6 Nb4 51. Ng4 Nc2 52. Kh3 Ne1 53. Rf5+ Kd4 54. h5 Nd3 55. h6 Ra1 56. Kh4 Rh1+ 57. Kg5 Kc4 58. Kg6 Nc5 59. h7 Ne6 60. Rf7 Kd5 61. Nf6+ Kd6 62. Ng4 Kd5 63. Rf6 Nd4 64. Rf5+ Nxf5 65. Kxf5 Rxh7 66. Nf6+ Kd4 67. Nxh7 Kd3 68. g4 Ke2 69. g5 Kxf2 70. g6 Ke3 71. g7 Kd4 72. g8Q 1-0

[Event "Titled Tuesday intern op 09th Jan Early"]
[Site "Chess.com INT"]
[Date "2024.01.09"]
[Round "8"]
[White "Vakhidov, Shahzod"]
[Black "Carre, Sylvain"]
[Result "1/2-1/2"]
[WhiteElo "2312"]
[BlackElo "2090"]
[PlyCount "91"]
[EventDate "2024.01.09"]
[EventType "swiss (blitz)"]
[EventRounds "11"]
[EventCountry "USA"]
[SourceTitle "CB03_2024"]
[SourceDate "2024.01.17"]
[SourceVersion "1"]
[SourceVersionDate "2024.01.17"]
[SourceQuality "1"]

1. d4 d5 2. Nf3 Nf6 3. c4 c6 4. cxd5 cxd5 5. Nc3 Nc6 6. Bf4 e6 7. e3 Bd6 8. Bg3 a6 9. Bd3 b5 10. Rc1 Bb7 11. 0-0 Bxg3 12. hxg3 0-0 13. Ne5 Nxe5 14. dxe5 Ne4 15. Bxe4 dxe4 16. Qg4 Rc8 17. Nxe4 Bxe4 18. Qxe4 Rxc1 19. Rxc1 Qd2 20. Qc2 Qd5 21. a4 Qxe5 22. axb5 Qxb5 23. Rd1 h6 24. Qc3 Rb8 25. Rd4 Qxb2 26. Rd8+ Kh7 27. Qd3+ g6 28. Rxb8 Qxb8 29. Qxa6 Qb1+ 30. Kh2 Qb2 31. Kg1 Kg7 32. Qd3 h5 33. f3 Qa1+ 34. Kh2 Qb2 35. Qe4 Qf6 36. f4 Qb2 37. Qd3 Qf6 38. e4 Qb2 39. e5 Qb8 40. Qd7 Qb1 41. Qd8 Qf5 42. Qe7 Kg8 43. Qe8+ Kg7 44. Qe7 Kg8 45. Kg1 Kg7 46. Kh2 1/2-1/2

[Event "Titled Tuesday intern op 05th Sep Late"]
[Site "Chess.com INT"]
[Date "2023.09.05"]
[Round "4"]
[White "Carre, Sylvain"]
[Black "Dushyant, Sharma"]
[Result "1/2-1/2"]
[WhiteElo "2105"]
[BlackElo "2339"]
[PlyCount "217"]
[EventDate "2023.09.05"]
[EventType "swiss (blitz)"]
[EventRounds "11"]
[EventCountry "USA"]
[SourceTitle "EXT 2024"]
[Source "ChessBase"]
[SourceDate "2023.10.10"]
[SourceVersion "1"]
[SourceVersionDate "2023.10.10"]
[SourceQuality "1"]

1. d4 d5 2. Bf4 e6 3. e3 Bd6 4. Bg3 Nf6 5. Nd2 0-0 6. Bd3 c5 7. c3 Qc7 8. Ngf3 Nbd7 9. Qe2 e5 10. dxe5 Nxe5 11. Nxe5 Bxe5 12. Nf3 Bd6 13. Rd1 Be6 14. 0-0 Rad8 15. c4 Rfe8 16. b3 Bxg3 17. hxg3 d4 18. exd4 Bxc4 19. Bxc4 Rxe2 20. Bxe2 cxd4 21. Rxd4 Rxd4 22. Nxd4 g6 23. Bf3 b6 24. Rd1 Qc3 25. Nc6 h5 26. Nxa7 Qa5 27. Nc8 Qxa2 28. Nxb6 Qxb3 29. Nd5 Ng4 30. Bxg4 hxg4 31. Ne3 f5 32. Rd8+ Kg7 33. Rd7+ Kf6 34. Rd6+ Kg5 35. Rd1 Qa2 36. Rf1 Qe2 37. Rd1 Kh6 38. Rf1 Qa2 39. Rd1 Qa5 40. Rf1 g5 41. Rd1 f4 42. gxf4 gxf4 43. Nxg4+ Kg5 44. f3 Kh4 45. Kh2 Qb4 46. Rd7 Kg5 47. Rd5+ Kg6 48. Ne5+ Kf6 49. Ng4+ Ke6 50. Rh5 Qf8 51. Re5+ Kd6 52. Rh5 Qf7 53. Rh6+ Kd5 54. Kh3 Kd4 55. Kh4 Qe7+ 56. Rf6 Kd3 57. Kg5 Ke2 58. Kxf4 Kf1 59. Ne3+ Kf2 60. Ng4+ Kxg2 61. Rh6 Qc7+ 62. Ke3 Qc3+ 63. Kf4 Qxf3+ 64. Kg5 Qd5+ 65. Kg6 Qe4+ 66. Kg5 Kg3 67. Rh3+ Kg2 68. Rh2+ Kg1 69. Rh6 Qe7+ 70. Kf5 Kg2 71. Rf6 Kg3 72. Ne5 Qh7+ 73. Ke6 Qb1 74. Rf3+ Kg2 75. Rf6 Qb6+ 76. Kf5 Qb8 77. Rg6+ Kf2 78. Re6 Ke3 79. Nc4+ Kf3 80. Nd6 Qf8+ 81. Ke5 Ke3 82. Nf5+ Kd3 83. Rd6+ Kc4 84. Rd4+ Kc5 85. Rd5+ Kc4 86. Nd6+ Kc3 87. Ne4+ Kc2 88. Nc5 Qh8+ 89. Kd6 Kc3 90. Ne4+ Kc4 91. Nd2+ Kb4 92. Ke6 Qh6+ 93. Ke5 Qg5+ 94. Ke4 Qg4+ 95. Ke5 Qg5+ 96. Ke4 Qg6+ 97. Ke5 Qg7+ 98. Ke4 Kc3 99. Nb1+ Kc2 100. Nd2 Qg6+ 101. Ke5 Qg7+ 102. Ke6 Qg8+ 103. Ke5 Qe8+ 104. Kd6 Qb8+ 105. Kc5 Qc8+ 106. Kd6 Kc3 107. Ne4+ Kc4 108. Rc5+ Qxc5+ 109. Nxc5 1/2-1/2

[Event "Titled Tuesday intern op 05th Sep Early"]
[Site "Chess.com INT"]
[Date "2023.09.05"]
[Round "2"]
[White "Srdanovic, Jovana"]
[Black "Carre, Sylvain"]
[Result "1-0"]
[WhiteElo "2143"]
[BlackElo "2105"]
[PlyCount "57"]
[EventDate "2023.09.05"]
[EventType "swiss (blitz)"]
[EventRounds "11"]
[EventCountry "USA"]
[SourceTitle "EXT 2024"]
[Source "ChessBase"]
[SourceDate "2023.10.10"]
[SourceVersion "1"]
[SourceVersionDate "2023.10.10"]
[SourceQuality "1"]

1. d4 d5 2. c4 c6 3. Nc3 Nf6 4. cxd5 cxd5 5. f3 e6 6. e4 Bd7 7. e5 Ng8 8. f4 g6 9. Nf3 h5 10. Be2 Nh6 11. Be3 Nf5 12. Bf2 h4 13. Qd2 Nc6 14. 0-0-0 Qa5 15. g4 hxg3 16. hxg3 Rxh1 17. Rxh1 0-0-0 18. Kb1 Bb4 19. Rc1 Kb8 20. a3 Bxc3 21. Rxc3 Rc8 22. Rxc6 Qxd2 23. Rxc8+ Bxc8 24. Nxd2 b6 25. g4 Ne7 26. Kc2 Nc6 27. b4 Bb7 28. Nf3 Nd8 29. Bh4 1-0

[Event "Titled Tuesday intern op 05th Sep Late"]
[Site "Chess.com INT"]
[Date "2023.09.05"]
[Round "3"]
[White "Tologontegin, Semetey"]
[Black "Carre, Sylvain"]
[Result "1/2-1/2"]
[WhiteElo "2368"]
[BlackElo "2105"]
[PlyCount "267"]
[EventDate "2023.09.05"]
[EventType "swiss (blitz)"]
[EventRounds "11"]
[EventCountry "USA"]
[SourceTitle "EXT 2024"]
[Source "ChessBase"]
[SourceDate "2023.10.10"]
[SourceVersion "1"]
[SourceVersionDate "2023.10.10"]
[SourceQuality "1"]

1. d4 d5 2. Bf4 Nf6 3. e3 c5 4. c3 Nc6 5. Nd2 e6 6. Ngf3 Bd6 7. Bg3 Qc7 8. Bd3 cxd4 9. exd4 Bxg3 10. hxg3 Bd7 11. Qe2 Ne7 12. Ne5 h6 13. g4 Rf8 14. Nb3 0-0-0 15. Nc5 Nc6 16. f4 Kb8 17. 0-0-0 Bc8 18. Kb1 Nd7 19. Ncxd7+ Bxd7 20. g3 Bc8 21. Rc1 Ka8 22. Bb5 Qb6 23. Nxc6 bxc6 24. Bd3 Bb7 25. Ka1 c5 26. Qe5 f6 27. Qe3 Rfe8 28. Bg6 Re7 29. dxc5 Qc7 30. Rhe1 a5 31. b4 d4 32. Qf2 dxc3 33. b5 Rd2 34. Qe3 Bd5 35. Qxc3 Rxa2+ 36. Kb1 a4 37. Be4 Qd8 38. Bxd5+ Qxd5 39. Red1 Qb3+ 40. Qxb3 axb3 41. b6 Kb7 42. Rd3 Rc2 43. Rxb3 Rxc1+ 44. Kxc1 Kc6 45. Kc2 e5 46. fxe5 fxe5 47. Kd3 Re8 48. Kc4 e4 49. Re3 Re5 50. Kd4 Rxc5 51. b7 Rb5 52. Rxe4 Rxb7 53. Re6+ Kd7 54. Rg6 Ke8 55. Ke5 Kf7 56. Rc6 Rb5+ 57. Kf4 Rb4+ 58. Kf3 Rd4 59. Rb6 Rc4 60. Ra6 Rb4 61. Rd6 Rc4 62. Rb6 g6 63. Ra6 Rc7 64. Rb6 Ra7 65. Rc6 Re7 66. Rb6 Rd7 67. Ra6 Rb7 68. Rc6 g5 69. Rxh6 Rb4 70. Rc6 Kg7 71. Rc5 Kf6 72. Rc6+ Kf7 73. Rc5 Kf6 74. Rc7 Rb3+ 75. Kg2 Rb2+ 76. Kh3 Rb1 77. Rc6+ Kf7 78. Rc5 Kg6 79. Rf5 Rg1 80. Kh2 Re1 81. Ra5 Re2+ 82. Kh3 Rb2 83. Ra6+ Kg7 84. Ra7+ Kf6 85. Ra8 Kg6 86. Rg8+ Kh6 87. Rh8+ Kg6 88. Rc8 Rb6 89. Rc7 Ra6 90. Rc2 Ra3 91. Rf2 Rb3 92. Kg2 Rc3 93. Re2 Rd3 94. Kf2 Ra3 95. Re6+ Kg7 96. Re5 Kf6 97. Rb5 Ra2+ 98. Kf3 Ra3+ 99. Ke4 Rxg3 100. Rb6+ Kg7 101. Kf5 Rf3+ 102. Kxg5 Rf7 103. Rg6+ Kh8 104. Kh6 Rf8 105. Re6 Ra8 106. g5 Kg8 107. g6 Rb8 108. Rd6 Ra8 109. Rc6 Rb8 110. Ra6 Rc8 111. Ra7 Rd8 112. Rb7 Rc8 113. Rd7 Ra8 114. Rc7 Rb8 115. Ra7 Rc8 116. Rg7+ Kh8 117. Rh7+ Kg8 118. Rf7 Rc1 119. Rf5 Rh1+ 120. Rh5 Rxh5+ 121. Kxh5 Kg7 122. Kg5 Kg8 123. Kf6 Kf8 124. Kf5 Kg7 125. Kg5 Kg8 126. Kg4 Kg7 127. Kh5 Kg8 128. Kh6 Kh8 129. Kg5 Kg7 130. Kf5 Kg8 131. Kf6 Kf8 132. Ke6 Kg7 133. Kf5 Kg8 134. Kf6 1/2-1/2

[Event "Titled Tuesday intern op 29th Aug Early"]
[Site "Chess.com INT"]
[Date "2023.08.29"]
[Round "8"]
[White "Bilan, Danila"]
[Black "Carre, Sylvain"]
[Result "1/2-1/2"]
[WhiteElo "2303"]
[BlackElo "2105"]
[PlyCount "157"]
[EventDate "2023.08.29"]
[EventType "swiss (blitz)"]
[EventRounds "11"]
[EventCountry "USA"]
[SourceTitle "EXT 2024"]
[Source "ChessBase"]
[SourceDate "2023.10.10"]
[SourceVersion "1"]
[SourceVersionDate "2023.10.10"]
[SourceQuality "1"]

1. d4 d5 2. Nf3 Nf6 3. c4 c6 4. Nc3 e6 5. Bg5 dxc4 6. e4 b5 7. e5 h6 8. Bh4 g5 9. Nxg5 Nd5 10. Nxf7 Qxh4 11. Nxh8 Bb4 12. Rc1 Qe4+ 13. Be2 Nf4 14. f3 Qh7 15. 0-0 Bxc3 16. Rxc3 Qxh8 17. b3 Qg7 18. g3 cxb3 19. Rxb3 Nd7 20. Kh1 Nxe2 21. Qxe2 Nb6 22. f4 Bd7 23. f5 0-0-0 24. f6 Qf7 25. Rc1 Kb7 26. Qe4 a6 27. Kg1 h5 28. Rbc3 Nd5 29. R3c2 Rg8 30. Rg2 Qf8 31. Qe1 Rg4 32. h3 Rxd4 33. Qf2 Rd3 34. Re1 Qa3 35. Kh2 h4 36. Reg1 Be8 37. f7 hxg3+ 38. Rxg3 Bxf7 39. Qxf7+ Kb6 40. Rxd3 Qxd3 41. Qxe6 Nf4 42. Qg4 Qd2+ 43. Rg2 Nxg2 44. Qxg2 Qf4+ 45. Qg3 Qd2+ 46. Kg1 c5 47. h4 Qd1+ 48. Kg2 c4 49. Qf2+ Ka5 50. e6 Qg4+ 51. Qg3 Qxe6 52. Qc3+ Kb6 53. Kg3 Qd6+ 54. Kg4 Qe6+ 55. Kg5 Qe7+ 56. Kh5 Qc5+ 57. Kg6 b4 58. Qf6+ Qc6 59. h5 c3 60. h6 c2 61. Qxc6+ Kxc6 62. h7 Kb5 63. h8Q c1Q 64. Qb8+ Ka4 65. Qe8+ Ka3 66. Qe3+ Kb2 67. Qd4+ Kb1 68. Qxb4+ Kxa2 69. Qa5+ Qa3 70. Qd2+ Kb3 71. Qd3+ Kb4 72. Qd6+ Kb3 73. Qd3+ Ka2 74. Qc4+ Kb1 75. Qf1+ Kc2 76. Qe2+ Kb1 77. Qf1+ Kb2 78. Qe2+ Kb3 79. Qd3+ 1/2-1/2

[Event "Titled Tuesday intern op 29th Aug Late"]
[Site "Chess.com INT"]
[Date "2023.08.29"]
[Round "2"]
[White "Carre, Sylvain"]
[Black "Cuenca Jimenez, Jose Fernando"]
[Result "0-1"]
[WhiteElo "2105"]
[BlackElo "2529"]
[PlyCount "90"]
[EventDate "2023.08.29"]
[EventType "swiss (blitz)"]
[EventRounds "11"]
[EventCountry "USA"]
[SourceTitle "EXT 2024"]
[Source "ChessBase"]
[SourceDate "2023.10.10"]
[SourceVersion "1"]
[SourceVersionDate "2023.10.10"]
[SourceQuality "1"]

1. d4 d5 2. Bf4 Nf6 3. e3 c5 4. c3 Nc6 5. Nd2 e6 6. Ngf3 Bd6 7. Bg3 0-0 8. Bd3 b6 9. Qe2 Bb7 10. Rd1 Re8 11. e4 Be7 12. e5 Nh5 13. a3 a5 14. h4 Nxg3 15. fxg3 h6 16. g4 f6 17. Bg6 Rf8 18. Qe3 fxe5 19. dxe5 d4 20. Qe4 Qd5 21. c4 Qxe4+ 22. Nxe4 Rxf3 23. gxf3 Nxe5 24. h5 Nxf3+ 25. Ke2 Ne5 26. Nd2 Bxh1 27. Rxh1 Nxg6 28. hxg6 Rf8 29. Rf1 Rf6 30. Rxf6 gxf6 31. Ne4 Kg7 32. b3 Kxg6 33. Kf3 f5 34. gxf5+ exf5 35. Ng3 Bd6 36. Ne2 Kg5 37. b4 cxb4 38. axb4 Bxb4 39. Nxd4 Bc5 40. Ne6+ Kf6 41. Nf4 a4 42. Nd5+ Ke5 43. Ke2 h5 44. Kd3 h4 45. Kc2 h3 0-1

[Event "Titled Tuesday intern op 29th Aug Late"]
[Site "Chess.com INT"]
[Date "2023.08.29"]
[Round "7"]
[White "Carre, Sylvain"]
[Black "Erzhanov, Arman"]
[Result "0-1"]
[WhiteElo "2105"]
[BlackElo "2175"]
[PlyCount "122"]
[EventDate "2023.08.29"]
[EventType "swiss (blitz)"]
[EventRounds "11"]
[EventCountry "USA"]
[SourceTitle "EXT 2024"]
[Source "ChessBase"]
[SourceDate "2023.10.10"]
[SourceVersion "1"]
[SourceVersionDate "2023.10.10"]
[SourceQuality "1"]

1. d4 d6 2. Nf3 Bg4 3. e3 Nd7 4. Bc4 e6 5. h3 Bh5 6. b3 d5 7. Be2 Be7 8. Bb2 h6 9. 0-0 Ngf6 10. c4 c6 11. Nc3 0-0 12. Nd2 Bg6 13. Nf3 Bd6 14. Bd3 Bxd3 15. Qxd3 Re8 16. Rad1 Qa5 17. a3 Rad8 18. b4 Qc7 19. c5 Bf8 20. e4 dxe4 21. Nxe4 Nxe4 22. Qxe4 Nf6 23. Qe5 Nd5 24. Qxc7 Nxc7 25. Nd2 Be7 26. Nc4 Rd7 27. Rfe1 Red8 28. a4 Ne8 29. Kf1 Bf6 30. Re4 Nc7 31. Nd6 Nd5 32. b5 Be7 33. Nc4 Nf6 34. Ree1 Bxc5 35. bxc6 bxc6 36. Na5 Bb4 37. Nxc6 Bxe1 38. Nxd8 Rxd8 39. Kxe1 Rb8 40. Bc3 Nd5 41. Bd2 Rb3 42. Rc1 Rb7 43. a5 Kf8 44. Ke2 Ke7 45. Rc5 Kd7 46. g4 Rb2 47. Kd3 Ra2 48. f3 Ne7 49. Rb5 Kc8 50. h4 Nd5 51. Rc5+ Kd7 52. h5 Rb2 53. Rc1 Rb3+ 54. Ke2 Rb2 55. Kd3 Ne7 56. Rc4 Nc6 57. Rc3 Ra2 58. Rc5 Ra3+ 59. Ke2 Nxd4+ 60. Kd1 Nxf3 61. Rb5 Rd3 0-1

[Event "Titled Tuesday intern op 29th Aug Late"]
[Site "Chess.com INT"]
[Date "2023.08.29"]
[Round "4"]
[White "Fromm, Marius"]
[Black "Carre, Sylvain"]
[Result "1/2-1/2"]
[WhiteElo "2458"]
[BlackElo "2105"]
[PlyCount "103"]
[EventDate "2023.08.29"]
[EventType "swiss (blitz)"]
[EventRounds "11"]
[EventCountry "USA"]
[SourceTitle "EXT 2024"]
[Source "ChessBase"]
[SourceDate "2023.10.10"]
[SourceVersion "1"]
[SourceVersionDate "2023.10.10"]
[SourceQuality "1"]

1. e4 e5 2. Nf3 Nf6 3. Nxe5 d6 4. Nf3 Nxe4 5. d4 d5 6. Bd3 Bd6 7. 0-0 0-0 8. c4 c6 9. Re1 Bf5 10. Qb3 Qb6 11. c5 Qxb3 12. axb3 Bc7 13. Nc3 Re8 14. Nh4 Bg6 15. Nxg6 hxg6 16. Nxe4 dxe4 17. Rxe4 Rxe4 18. Bxe4 Na6 19. Bxc6 Nxc5 20. dxc5 bxc6 21. Ra6 Rd8 22. g3 Rd1+ 23. Kg2 Rxc1 24. Rxc6 Be5 25. Rc8+ Kh7 26. b4 Bxb2 27. Ra8 Rc4 28. Rxa7 Rxb4 29. Rxf7 Rc4 30. Rc7 Rc2 31. c6 Bd4 32. Kf3 Bxf2 33. Rb7 Bxg3 34. hxg3 Rxc6 35. Kg4 Rc4+ 36. Kh3 g5 37. g4 Rc6 38. Kg3 Kg6 39. Rb5 Rc3+ 40. Kg2 Rd3 41. Kf2 Ra3 42. Kg2 Kf6 43. Rf5+ Kg6 44. Rb5 Rc3 45. Ra5 Rd3 46. Rc5 Rd6 47. Kf3 Rf6+ 48. Kg3 Rf4 49. Rc6+ Rf6 50. Rc5 Rf4 51. Rc6+ Rf6 52. Rc5 1/2-1/2

[Event "Titled Tuesday intern op 22nd Aug Early"]
[Site "Chess.com INT"]
[Date "2023.08.22"]
[Round "7"]
[White "Berezin, Viktor1111"]
[Black "Carre, Sylvain"]
[Result "0-1"]
[WhiteElo "2307"]
[BlackElo "2105"]
[PlyCount "68"]
[EventDate "2023.08.22"]
[EventType "swiss (blitz)"]
[EventRounds "11"]
[EventCountry "USA"]
[SourceTitle "EXT 2024"]
[Source "ChessBase"]
[SourceDate "2023.10.10"]
[SourceVersion "1"]
[SourceVersionDate "2023.10.10"]
[SourceQuality "1"]

1. Nf3 d5 2. c4 c6 3. g3 Nf6 4. Bg2 Bf5 5. 0-0 e6 6. d3 dxc4 7. dxc4 Qxd1 8. Rxd1 Be7 9. Nc3 0-0 10. Nd4 Bg6 11. Bg5 Na6 12. a3 Rad8 13. b4 h6 14. Bf4 Ng4 15. h3 e5 16. hxg4 exd4 17. Ne4 Rfe8 18. Nd2 Bf6 19. Bf3 Bc2 20. Re1 d3 21. Rac1 Bb2 22. Be4 g5 23. Be3 Bxc1 24. Rxc1 Rxe4 25. Nxe4 dxe2 26. Nd2 Bd1 27. Nf3 Nc7 28. Bxa7 Ne6 29. Be3 Ra8 30. Ra1 Rd8 31. Ne1 Nd4 32. a4 Nc2 33. Nxc2 Bxc2 34. Re1 Rd1 0-1

[Event "Titled Tuesday intern op 22nd Aug Early"]
[Site "Chess.com INT"]
[Date "2023.08.22"]
[Round "9"]
[White "Carre, Sylvain"]
[Black "Bazilius, Augustinas"]
[Result "0-1"]
[WhiteElo "2105"]
[BlackElo "2052"]
[PlyCount "104"]
[EventDate "2023.08.22"]
[EventType "swiss (blitz)"]
[EventRounds "11"]
[EventCountry "USA"]
[SourceTitle "EXT 2024"]
[Source "ChessBase"]
[SourceDate "2023.10.10"]
[SourceVersion "1"]
[SourceVersionDate "2023.10.10"]
[SourceQuality "1"]

1. d4 Nf6 2. Bf4 g6 3. e3 Bg7 4. Be2 0-0 5. Nf3 d6 6. 0-0 Re8 7. h3 Nbd7 8. c4 b6 9. Nc3 Bb7 10. Bh2 e5 11. b4 Qe7 12. Re1 Rad8 13. Qb3 Ne4 14. Nxe4 Bxe4 15. d5 Bxf3 16. gxf3 Qh4 17. Bf1 e4 18. Bg3 Qh5 19. f4 Bxa1 20. Rxa1 g5 21. Qb2 gxf4 22. Bxf4 Ne5 23. Kh1 Nd3 24. Bxd3 exd3 25. Rg1+ Kf8 26. Qf6 Qxh3+ 27. Bh2 d2 28. Qa1 Qf3+ 29. Rg2 d1Q+ 30. Qxd1 Qxd1+ 31. Bg1 Qh5+ 32. Rh2 Qxh2+ 33. Kxh2 Re4 34. Kg3 Rxc4 35. Kf3 Rxb4 36. Bh2 Ra4 37. Bf4 Rxa2 38. e4 Ra3+ 39. Kg4 Re8 40. f3 a5 41. Kf5 Rc3 42. Kf6 a4 43. Bh6+ Kg8 44. f4 a3 45. e5 dxe5 46. fxe5 a2 47. e6 fxe6 48. dxe6 Rxe6+ 49. Kxe6 Rc6+ 50. Kd7 Rxh6 51. Kc8 a1Q 52. Kb7 c5 0-1

[Event "Titled Tuesday intern op 22nd Aug Early"]
[Site "Chess.com INT"]
[Date "2023.08.22"]
[Round "3"]
[White "Chor, Kevin"]
[Black "Carre, Sylvain"]
[Result "1-0"]
[WhiteElo "1944"]
[BlackElo "2105"]
[PlyCount "83"]
[EventDate "2023.08.22"]
[EventType "swiss (blitz)"]
[EventRounds "11"]
[EventCountry "USA"]
[SourceTitle "EXT 2024"]
[Source "ChessBase"]
[SourceDate "2023.10.10"]
[SourceVersion "1"]
[SourceVersionDate "2023.10.10"]
[SourceQuality "1"]

1. d4 d5 2. c4 c6 3. Nf3 Nf6 4. e3 Bf5 5. Nc3 e6 6. Be2 h6 7. 0-0 Be7 8. Ne5 Nbd7 9. f4 Nxe5 10. fxe5 Ne4 11. cxd5 Nxc3 12. bxc3 Qxd5 13. Bf3 Qd7 14. e4 Bg6 15. Bh5 0-0 16. Bxg6 fxg6 17. Rxf8+ Rxf8 18. Qg4 Kh7 19. Be3 Ba3 20. Rd1 Qf7 21. c4 b6 22. d5 exd5 23. exd5 Bc5 24. Bxc5 bxc5 25. Qe2 cxd5 26. cxd5 c4 27. e6 Qf4 28. e7 Re8 29. d6 c3 30. d7 Rxe7 31. Qxe7 c2 32. d8Q c1Q 33. Rxc1 Qxc1+ 34. Kf2 Qf4+ 35. Ke2 Qc4+ 36. Ke3 Qc1+ 37. Kd4 Qd2+ 38. Ke5 Qe3+ 39. Kd6 Qa3+ 40. Ke6 Qe3+ 41. Kf7 Qf4+ 42. Ke8 1-0

[Event "Titled Tuesday intern op 08th Aug Early"]
[Site "Chess.com INT"]
[Date "2023.08.08"]
[Round "3"]
[White "Carre, Sylvain"]
[Black "Santos Flores, Alberto Javier"]
[Result "0-1"]
[WhiteElo "2105"]
[BlackElo "2200"]
[PlyCount "70"]
[EventDate "2023.08.08"]
[EventType "swiss (blitz)"]
[EventRounds "11"]
[EventCountry "USA"]
[SourceTitle "EXT 2024"]
[Source "ChessBase"]
[SourceDate "2023.10.10"]
[SourceVersion "1"]
[SourceVersionDate "2023.10.10"]
[SourceQuality "1"]

1. d4 d5 2. Bf4 Nf6 3. e3 c5 4. c3 Nc6 5. Nd2 Qb6 6. Qb3 c4 7. Qc2 Bg4 8. e4 e6 9. e5 Nd7 10. Ngf3 Bf5 11. Qc1 h6 12. Be2 Qd8 13. Bd1 Be7 14. Bc2 Bxc2 15. Qxc2 b5 16. a3 0-0 17. 0-0 a5 18. h4 Bxh4 19. Nxh4 Qxh4 20. Bg3 Qe7 21. Nf3 b4 22. axb4 axb4 23. Bh4 Qe8 24. Nh2 b3 25. Qd2 Ra2 26. Ng4 Kh7 27. Rxa2 bxa2 28. Ra1 Qa8 29. Qc2+ Kg8 30. Qd2 Kh7 31. Qc2+ g6 32. Qd2 g5 33. Bxg5 hxg5 34. Qxg5 Rh8 35. Qe7 Nxe7 0-1